MARKI NAPOJÓW - Statystyki

Ogólne statystyki
  • Ten quiz został rozwiązany 216 razy
  • Średni wynik to 13 z 32
Statystyki odpowiedzi
Odpowiedź % Poprawnych
coca cola
97%
pepsi
96%
fanta
84%
sprite
81%
mirinda
77%
tymbark
70%
7up
63%
monster
58%
red bull
54%
tiger
53%
lipton
52%
black
51%
helena
42%
oshee
42%
kubuś
36%
hortex
33%
mountain dew
33%
dzik
31%
dr. pepper
27%
nestea
23%
zbyszko
23%
schweppes
19%
frugo
17%
caprio
15%
tarczyn
14%
cappy
13%
riviva
12%
fuze tea
11%
caprisun
8%
fortuna
8%
kinley
7%
solevita
4%
Nie znaleziono quizów pasujących do podanych kryteriów
Rozkład punktacji
Procent ludzi z każdym wynikiem
Percentyl według liczby udzielonych odpowiedzi
Twoja historia wyników
Nie rozwiązałeś tego quizu